Tâm hồn cao thượng = Les grands coeurs

שמור ב:
מידע ביבליוגרפי
מחבר ראשי: Edmond de Amicis
פורמט: ספר
שפה:Undetermined
יצא לאור: Hà Nội Thanh Niên 1999
נושאים:
תגים: הוספת תג
אין תגיות, היה/י הראשונ/ה לתייג את הרשומה!
Thư viện lưu trữ: Trung tâm Học liệu Trường Đại học Cần Thơ
LEADER 00553nam a2200181Ia 4500
001 CTU_40528
008 210402s9999 xx 000 0 und d
082 |a 853 
082 |b A516/1999 
100 |a Edmond de Amicis 
245 0 |a Tâm hồn cao thượng 
245 0 |b = Les grands coeurs 
245 0 |c Edmond de Amicis, Hà Mai Anh 
260 |a Hà Nội 
260 |b Thanh Niên 
260 |c 1999 
650 |a italian fiction ( vietnamese ),italian literature - 19th century 
980 |a Trung tâm Học liệu Trường Đại học Cần Thơ